LEADER 01037nam--2200361---450- 001 990003557750203316 005 20110825123519.0 010 $a978-88-17-04858-3 035 $a000355775 035 $aUSA01000355775 035 $a(ALEPH)000355775USA01 035 $a000355775 100 $a20110825d2011----km-y0itay50------ba 101 1 $aita 102 $aIT 105 $aa---||||001yy 200 1 $aFavole periodiche$fHugh Aldersey-Williams$gtraduzione di Daniele Didero 210 $aMilano$cRizzoli$d2011 215 $a584 p.$cill.$d19 cm 454 0$12001$aPeriodic tales$938866 606 0 $aElementi chimici$2BNCF 676 $a546.8 700 1$aALDERSEY-WILLIAMS,$bHugh$0479728 702 1$aDIDERO,$bDaniele 801 0$aIT$bsalbc$gISBD 912 $a990003557750203316 951 $aII.6. 1387$b232783 L.M.$cII.6.$d00298624 959 $aBK 969 $aUMA 979 $aIANNONE$b90$c20110825$lUSA01$h1231 979 $aIANNONE$b90$c20110825$lUSA01$h1235 996 $aPeriodic tales$938866 997 $aUNISA LEADER 02518nam 2200637 450 001 9910703467503321 005 20170606145140.0 010 $a1-61942-583-1 035 $a(CKB)3710000000897246 035 $a(MiAaPQ)EBC4728098 035 $a(OCoLC)891770332 035 $a(OCoLC)993710000000897246 035 $a(EXLCZ)993710000000897246 100 $a20161104h20122012 uy 0 101 0 $aeng 135 $aurcnu|||||||| 181 $2rdacontent 182 $2rdamedia 183 $2rdacarrier 200 04$aThe Peace Corps $econsiderations, assessments and safety /$fOttis E. Winter and Art B. Krause, editors 205 $a[Archived version]. 210 1$aNew York :$cNova,$d2012. 210 4$dİ2012 215 $a1 online resource (333 pages) $cillustrations, tables 225 1 $aForeign Policy of the United States 300 $aIncludes index. 311 $a1-61942-553-X 330 $aThe Peace Corps is an international service organization of the United States Government, which sends Americans abroad to serve the pressing needs of people around the world. The Peace Corps website offers a thorough overview of the Volunteer experience: The types of work Volunteers do, the countries in which Volunteers serve, a step-by-step guide to the application process, and details about how Volunteers live. Also features photos and videos of the Peace Corps experience, Passport Blog, and several social media links. 410 0$aForeign policy of the United States. 606 $aVoluntarism$xInternational cooperation 606 $aVoluntarism$zDeveloping countries 606 $aVolunteers$zDeveloping countries 606 $aVoluntarism$2fast 606 $aVoluntarism$xInternational cooperation$2fast 606 $aVolunteers$2fast 607 $aDeveloping countries$2fast 608 $aHistory.$2fast 615 0$aVoluntarism$xInternational cooperation. 615 0$aVoluntarism 615 0$aVolunteers 615 7$aVoluntarism. 615 7$aVoluntarism$xInternational cooperation. 615 7$aVolunteers. 676 $a309.223573 702 $aWinter$b Ottis E. 702 $aKrause$b Art B. 712 02$aFederal Depository Library Program, 712 02$aUnited States.$bGovernment Printing Office, 712 02$aUnited States.$bGovernment Publishing Office, 801 0$bMiAaPQ 801 1$bMiAaPQ 801 2$bMiAaPQ 906 $aBOOK 912 $a9910703467503321 996 $aThe Peace Corps$93202146 997 $aUNINA